| 000 | 02339cam a22004214i 4500 | ||
|---|---|---|---|
| 003 | PE-LiUPU | ||
| 005 | 20250731183423.0 | ||
| 008 | 150706s r 000 0 d | ||
| 020 | _a8496096793 | ||
| 035 | _a(Sirsi) i9788496096790 | ||
| 040 |
_aPE-LiUPU _bspa _cPE-LiUPU _erda |
||
| 049 | _aPRUA | ||
| 082 | 0 | 4 |
_a725.85 _bC93 _221 |
| 100 | 1 |
_aCuito, Aurora, _eautor. |
|
| 245 | 1 | 0 |
_aArquitectura de centros deportivos / _c[editora y textos, Aurora Cuito]. |
| 264 | 1 |
_aSant Adrià de Besòs (Barcelona) : _bMonsa, _c[2005]. |
|
| 300 |
_a239 páginas : _bilustraciones a color y n. ; _c30 centímetros |
||
| 336 |
_atext _2rdacontent |
||
| 337 |
_aunmediated _2rdamedia |
||
| 338 |
_avolume _2rdacarrier |
||
| 505 | 0 | _aBalneario Geibeltbad -- Piscina y Centro social -- Basket Bar -- Wllness 02 & Cllima -- Complejo deportivo el Sorrall -- Centro deportivo Jubilee -- Pabellón en Latmyer Upper School -- Reconstrucción del Estadio límpico de Berlín -- Polideportivo Walters Dorfer Chausse -- Club Duet -- Budokan en Ehime -- Estadio American Airlines -- Casa club de Golf Fontanals CCGF -- Pista de salto de esquí en bergisel -- Poliderportivo Guira -- Estadio de Oita -- Centro -- Deportivo Ca N'arimon -- Estadio de Fútbol -- Polideportivo en Zoug -- Pista de atletismo Tussols-Basil -- Estadio Jade -- Piscina Municipal de Olot -- Polideportivo en Herrenkrug park -- Estadio Toyota -- Complejo Deportivo Alpicat. | |
| 526 | _aP158 | ||
| 526 | _aP146 | ||
| 526 | _aP17 | ||
| 526 | _aP12 | ||
| 526 | _aP06 | ||
| 541 | _g015-0010669; | ||
| 650 | 1 | 4 |
_aArquitectura y recreación _vObras ilustradas. |
| 650 | 2 | 4 |
_aInstalaciones deportivas _vObras ilustradas. |
| 650 | 2 | 4 |
_aCentros de fitness _vObras ilustradas. |
| 650 | 2 | 4 |
_aEstadios _vObras ilustradas. |
| 910 | _agl20090804 | ||
| 942 |
_2ddc _cBOOK |
||
| 949 |
_a725.85 C93 _wDEWEY _c1 _i59857 _d2016-10-17 _e2016-10-13 _lCCODEBUL1 _mBUL _n5 _p83.00 _r0 _sY _tBOOK _u2015-7-6 _xINGENIERIA _PP22 _0COMPRA _o.STAFF. Colección General |
||
| 994 |
_aC0 _bPEPRU |
||
| 596 | _a1 | ||
| 999 |
_a725.85 C93 _wDEWEY _c49389 _i59857 _d49389 _e2019-8-18 _f2021-11-10 _g7 _lCCODEBUL1 _mBUL _n8 _p83.00 _q2 _r0 _sY _tBOOK _u2015-7-6 _xINGENIERIA _PP22 _0COMPRA _o.STAFF. Colección General |
||
| 980 |
_81 _gALBERTO SANCHEZ Responsable de Automatización |
||